Statistics for College Basketball Programs with the most wins

Click here to take the quiz!

General Stats

  • This quiz has been taken 16 times
  • The average score is 10 of 20

Answer Stats

WinsTeam% Correct
4. (2,273)Duke
100%
1. (2,377)Kentucky
93%
5. (1,986)UCLA
93%
2. (2,370)Kansas
86%
3. (2,343)North Carolina
86%
18. (1,864)Villanova
86%
10. (1,912)Indiana
64%
13. (1,879)Texas
64%
7. (1,973)Syracuse
57%
11. (1,895)Purdue
50%
19. (1,862)Arizona
43%
14. (1,876)Illinois
43%
15. (1,875)Utah
43%
17. (1,869)BYU
36%
8. (1,950)Notre Dame
29%
20. (1,846)West Virginia
29%
9. (1,922)St. John's
21%
12. (1,889)Cincinnati
7%
6. (1,977)Temple
7%
16. (1,872)Western Kentucky
7%

Score Distribution

Percentile by Number Answered

Percent of People with Each Score

Your Score History

You have not taken this quiz